000 01929cam a22003613a 4500
999 _c31381
_d31378
001 12665471
003 OSt
005 20190206111815.0
008 010921s2001 nyu 000 1 eng d
010 _a 2002560884
020 _a0441008526 (pbk.) :
_c$6.99 ($9.99 Can.)
035 _a(OCoLC)ocm48004615
040 _aMMU
_cMMU
_dMMU
_dMMU
_dMMU
_beng
042 _alccopycat
050 0 0 _aCPB Box no. 1835 vol. 18
245 0 4 _aThe further adventures of Xena, warrior princess /
_cedited by Martin Greenberg.
260 _aNew York :
_bAce Books,
_cc2001.
300 _aviii, 309 p. ;
_c18 cm.
500 _a"Ace fantasy TV tie-in"--Spine.
500 _a"Based on the Universal television series created by John Schulian and Rob Tapert."
505 0 _aIntroduction -- Immortal desire / Jennifer Roberson -- Two against Thebes / Robin Wayne Bailey -- When they bear gifts / Diane Duane -- Came the dawn / Esther Friesner -- Argonaut / Josepha Sherman -- Bard and breakfast / Greg Cox -- Recurring character / Keith R.A. DeCandido -- Horsing around / Lyn McConchie -- The hungry land / Mary Morgan -- Homecoming / Gary A. Braunbeck and Lucy A. Snyder -- As fate would have it / Jody Lynn Nye -- Xena at the battle of Salamis / Jaye Cameron -- A weapon of flesh and bone / Tim Waggoner and Russell Davis -- The tenth wonder of the world / David Bischoff -- Leaving the past behind / Melissa Good.
600 0 0 _aXena, Warrior Princess (Fictitious character)
_vFiction.
650 0 _aFantasy fiction, American.
650 0 _aWomen heroes
_vFiction.
650 0 _aPrincesses
_vFiction.
655 7 _aFantasy fiction.
_2gsafd
655 7 _aRadio and television novels.
_2gsafd
700 1 _aGreenberg, Martin Harry.
710 2 _aCopyright Paperback Collection (Library of Congress)
_5DLC
906 _a7
_bcbc
_ccopycat
_d2
_encip
_f20
_gy-genrareb
942 _2lcc
_cLOAN LOAN